000 01203cam a2200325 i 4500
999 _c2079
_d2079
001 (Sirsi) a1021891
003 OSt
005 20230303143614.0
008 170522s2016 nyua b 000 1 eng d
020 _a9781627794152
_q(hardcover) :
040 _aDLC
_beng
_cDLC
_dYDXCP
_dBTCTA
_dBDX
_dOCLCQ
_dCCPLG
_dORX
_dOCLCO
_dNYP
_dOCLCO
_dVP@
_dDAY
_dZHB
_dTAE
_dKH8
_erda
042 _anbic
082 0 _a813.6 PAK
100 1 _aPak, Kenard,
_eauthor,
_eillustrator.
245 1 0 _aGoodbye summer, hello autumn /
_cKenard Pak.
250 _aFirst edition.
264 1 _aNew York :
_bHenry Holt and Company,
_c2016.
300 _a32 unnumbered pages :
_bcolor illustrations ;
_c23 x 29 cm.
336 _atext
_btxt
_2rdacontent.
336 _astill image
_bsti
_2rdacontent.
337 _aunmediated
_bn
_2rdamedia.
338 _avolume
_bnc
_2rdacarrier.
520 _a"In a simple, evocative conversation with nature, a young girl witnesses how the season changes from summer to autumn"--
_cProvided by publisher.
521 1 _aAges 4-7.
650 0 _aSeasons
_vJuvenile fiction.
650 0 _aSummer
_vJuvenile fiction.
650 0 _aAutumn
_vJuvenile fiction.
650 0 _aNature stories.
942 _2ddc
_cNFIC